书目信息 |
| 题名: |
数学基础过关660题
|
|
| 作者: | 李永乐 主编 | |
| 分册: | 数学一 | |
| 出版信息: | 2018.12 |
|
| 页数: | 328页 | |
| 开本: | 26cm | |
| 丛书名: | 2011李永乐考研数学系列 | |
| 单 册: | ||
| 中图分类: | O13-44 | |
| 科图分类: | ||
| 主题词: | 高等数学--gao deng shu xue--研究生--入学考试--习题 | |
| 电子资源: | ||
| ISBN: | 978-7-5693-0977-5 | |
| 000 | 00898nam 2200241 450 | |
| 001 | 2031530191 | |
| 005 | 20200519084623.04 | |
| 010 | @a978-7-5693-0977-5@dRMB 79.00 | |
| 100 | @a20100411d2018 em y0chiy0120 ea | |
| 101 | 0 | @achi |
| 105 | @ay q 000yy | |
| 200 | 1 | @a数学基础过关660题@Ashu xue ji chu guo guan 660 ti@i数学一@f李永乐主编@Fzhu bian li yong yue |
| 210 | @d2018.12 | |
| 215 | @a328页@d26cm | |
| 225 | 2 | @a2011李永乐考研数学系列@A2011 li yong yue kao yan shu xue xi lie |
| 330 | @a本书主要分两大部分,第一部分微积分,线性代数,概率论与数理统计选择题,第二部分微积分,线性代数,概率论与数理统计填空题。 | |
| 410 | 0 | @12001 @a2011李永乐考研数学系列 |
| 517 | @a数学一@Ashu xue yi | |
| 606 | 0 | @a高等数学@Agao deng shu xue@x研究生@x入学考试@j习题 |
| 690 | @aO13-44@v4 | |
| 701 | 0 | @a李永乐@Ali yong yue@4主编 |
| 801 | 0 | @aCN@bQSSK@c20100412 |
| 905 | @b776482-84@dO13-44@eL323@f3 | |
| 数学基础过关660题.数学一/李永乐主编.-2018.12 |
| 328页;26cm.-(2011李永乐考研数学系列) |
| ISBN 978-7-5693-0977-5:RMB 79.00 |
| 本书主要分两大部分,第一部分微积分,线性代数,概率论与数理统计选择题,第二部分微积分,线性代数,概率论与数理统计填空题。 |
| ● |
| 相关链接 |
|
|
|
正题名:数学基础过关660题
索取号:O13-44/L323
 
预约/预借
| 序号 | 登录号 | 条形码 | 馆藏地/架位号 | 状态 | 备注 |
| 1 | 1452800 | 214528000 | 自科库401/401自科库 39排3列2层/ [索取号:O13-44/L323] | 在馆 | |
| 2 | 1452801 | 214528019 | 自科库401/401自科库 39排3列2层/ [索取号:O13-44/L323] | 在馆 |